| 000 | 01698nam a2200337 a 4500 | ||
|---|---|---|---|
| 001 | 00153 | ||
| 003 | DO-SdBNP | ||
| 005 | 20180314094429.0 | ||
| 007 | 00153 | ||
| 008 | 150130s2011 dr 2011 000 0 spa d | ||
| 020 | _a9789945173512 | ||
| 040 |
_aBPMSU _bspa _cBPMSU |
||
| 092 |
_a373.7 _b M425u 1ro. 2011 |
||
| 245 | 0 | 0 |
_aMatemática : _bnivel medio |
| 260 |
_aSanto Domingo : _bSM, _c2011. |
||
| 300 |
_a328 p. : _bil., retrs. ; _c29 cm. |
||
| 490 | 1 | _aEduación en valores | |
| 505 | 1 |
_tUnidad 1 : Introducción a la lógica -- _tUnidad 2 : Expresiones algebraicas. Multiplicación -- _tUnidad 3 : Expresiones algebraicas. División -- _tUnidad 4 : Técnicas de factorización -- _tUnidad 5 : Expresiones fraccionarias -- _tUnidad 6 : Ecuaciones de primer grado -- _tUnidad 7 : Funciones de proporcionalidad directa. Ecuación de la línea recta -- _tUnidad 8 : Números reales. Intervalos y valor absoluto -- _tUnidad 9 : Números complejos -- _tUnidad 10 : Introducción a la geometría. Rectas, rayos y segmentos -- _tUnidad 11 : Rectas paralelas y rectas secantes a paralelas. Polígonos -- _tUnidad 12 : Estadística -- |
|
| 650 | 4 |
_aMATEMÁTICAS _xENSEÑANZA SECUNDARIA |
|
| 650 | 4 |
_aMATEMÁTICAS _xEDUCACIÓN SECUNDARIA |
|
| 650 | 4 |
_aMATEMÁTICAS _xLIBROS DE TEXTOS |
|
| 650 | 4 | _aMATEMÁTICAS ESTUDIOS Y EJERCICIOS | |
| 650 | 4 |
_aEDUCACIÓN SECUNDARIA _zREPÚBLICA DOMINICANA |
|
| 830 | 0 | _aEduación en valores | |
| 910 | _aValidado. Control de calidad MFF | ||
| 942 |
_2ddc _cBK |
||
| 945 | _aRemanejado para la BNPHU, 2018 / BT | ||
| 956 |
_aYLOCKWARD _b10 _c20150710 _lBND01 _h1103 |
||
| 956 |
_aVMATEO _b10 _c20150722 _lBPMSU _h00151 |
||
| 956 |
_aBTAVÁREZ _b10 _c20160406 _lBPMSU _h153 |
||
| 999 |
_c8000 _d8000 |
||